Universismo: Teoría sobre el acierto y sus leyes

Saved in:
Bibliografiske detaljer
Hovedforfatter: Ros Emperador, J (Author)
Format: Bog
Sprog:spansk
Udgivet: Madrid Ediciones Iberoamericanas 1967
Fag:
Tags: Tilføj Tag
Ingen Tags, Vær først til at tagge denne postø!

MARC

LEADER 00000nam a2200000 a 4500
001 UCZ3599
003 CL-VaPUC
008 951027e19670000SP |||||||||||||||||spa|d
082 0 4 |a 113  |b ROS  |2 21 
100 0 |a Ros Emperador, J  |e author  |9 347392 
245 1 0 |a Universismo: Teoría sobre el acierto y sus leyes 
300 |a 234 p 
942 |c BK 
945 |d 19951027 00:00:00  |a rleighto 
260 |a Madrid  |b Ediciones Iberoamericanas  |c 1967 
650 0 |a Universo  |9 266563 
650 0 |a Filosofía   |9 223554 
650 0 |a Escuelas filosóficas   |9 266232 
650 7 |a ORIGEN DEL UNIVERSO  |2 CL-VaPUC  |9 347393 
650 0 |a Cosmología  |9 269138 
650 0 |a Espacio  |9 336785 
583 |a last modification  |c 19951027 00:00:00  |k Rodrigo Vera 
999 |c 240057  |d 240055 
952 |0 0  |1 0  |4 0  |6 113_000000000000000_ROS_1967  |7 0  |8 P  |9 251649  |a BIBEDU  |b BIBEDU  |c BIBEDU_PB  |d 2019-11-18  |i 312682K  |o 113 ROS 1967  |p 312682K  |r 2024-01-25  |w 2019-11-18  |y BK  |k FIL